Loading...
| Social Science | 0 | 5 | 0 | 0 | 50 | 51 | 79.40 | 1 | 5 | 12.01 | 24.17 |
| Philosophy | 0 | 4 | 0 | 0 | 40 | 79 | 90.25 | 2 | 4 | 8.48 | 30.00 |
| History - European | 0 | 4 | 0 | 0 | 40 | 31 | 56.00 | 3 | 4 | 18.30 | 31.67 |
| History - Other | 0 | 4 | 0 | 0 | 40 | 16 | 76.50 | 2 | 4 | 12.90 | 25.83 |
| History - World | 0 | 4 | 0 | 0 | 40 | 41 | 64.25 | 2 | 4 | 16.25 | 28.33 |
| Fine Arts - Painting and Sculpture | 0 | 2 | 0 | 0 | 20 | 87 | 92.00 | 2 | 2 | 4.38 | 15.00 |
| Other Academic | 0 | 2 | 0 | 0 | 20 | 46 | 66.00 | 0 | 2 | 32.33 | 33.33 |
| Science - Biology | 0 | 2 | 0 | 0 | 20 | 100 | 107.00 | 1 | 1 | 1.02 | 10.00 |
| Mythology | 0 | 2 | 1 | 0 | 15 | 75 | 90.50 | 0 | 2 | 3.42 | 10.83 |
| Science - Chemistry | 0 | 1 | 0 | 0 | 10 | 71 | 71.00 | 1 | 1 | 3.48 | 8.33 |
| Literature - European | 0 | 1 | 0 | 0 | 10 | 69 | 69.00 | 0 | 1 | 4.28 | 6.67 |
| Religion | 0 | 2 | 2 | 0 | 10 | 62 | 72.50 | 1 | 2 | 6.39 | 12.50 |
| History - American | 0 | 1 | 0 | 0 | 10 | 22 | 22.00 | 1 | 1 | 6.87 | 8.33 |
| Science - Other | 0 | 1 | 1 | 0 | 5 | 104 | 104.00 | 0 | 0 | 2.10 | 3.33 |
| Literature - British | 0 | 0 | 1 | 0 | -5 | 0.00 | 0 | 0 | 0.00 | 0.00 | |
| Literature - World | 0 | 0 | 1 | 0 | -5 | 0.00 | 0 | 0 | 0.00 | 0.00 | |
| Science - Physics | 0 | 0 | 2 | 0 | -10 | 0.00 | 0 | 0 | 0.00 | 0.00 | |
| Fine Arts - Other | 0 | 0 | 2 | 0 | -10 | 0.00 | 0 | 0 | 0.00 | 0.00 |